[Event "SWE-chT 1718 Elite"]
[Site "Sweden"]
[Date "2018.03.18"]
[Round "9.1"]
[White "Haj Bakkor, Mohamed"]
[Black "Johansson, Thomas1111"]
[Result "1/2-1/2"]
[WhiteElo "2195"]
[BlackElo "2221"]
[PlyCount "114"]
[EventDate "2017.10.20"]
[EventType "team-tourn"]
[EventRounds "9"]
[EventCountry "SWE"]
[SourceTitle "EXT 2019"]
[Source "ChessBase"]
[SourceDate "2018.10.10"]
[SourceVersion "1"]
[SourceVersionDate "2018.10.10"]
[SourceQuality "1"]
[WhiteTeam "Upsala"]
[BlackTeam "Malmo"]
[WhiteTeamCountry "SWE"]
[BlackTeamCountry "SWE"]

1. e4 d6 2. d4 Nf6 3. Nc3 e5 4. Nf3 exd4 5. Nxd4 Be7 6. Be2 0-0 7. g4 d5 8. e5 Ne4 9. Nxe4 dxe4 10. Be3 c6 11. Qd2 Qd5 12. Nf5 Qxd2+ 13. Bxd2 Bc5 14. Bc3 Be6 15. b4 Bb6 16. Nd6 e3 17. f3 Nd7 18. Nxb7 f6 19. f4 fxe5 20. f5 Bd5 21. 0-0 Nf6 22. Bxe5 Ne4 23. c4 Bf7 24. c5 Bd8 25. Nxd8 Raxd8 26. Rfd1 Nd2 27. Bf4 Rfe8 28. b5 cxb5 29. c6 Rd4 30. Bg3 Bc4 31. Bxc4+ Rxc4 32. c7 Kf7 33. Rac1 Ke7 34. Rxc4 bxc4 35. Bf4 e2 36. Bg5+ Kf7 37. Re1 Nf3+ 38. Kf2 Nxe1 39. Kxe1 Rc8 40. Bd8 Ke8 41. g5 Rxd8 42. cxd8Q+ Kxd8 43. Kxe2 Ke7 44. Ke3 c3 45. Kd3 c2 46. Kxc2 Kd6 47. Kc3 Ke5 48. f6 gxf6 49. gxf6 Kxf6 50. Kb4 Kg5 51. Ka5 Kg4 52. Ka6 Kh3 53. Kxa7 h5 54. Kb8 h4 55. a4 Kxh2 56. a5 h3 57. a6 Kg1 1/2-1/2

[Event "Gebze op 5th"]
[Site "Kocaeli"]
[Date "2014.09.24"]
[Round "7"]
[White "Darban Vaighani, Morteza"]
[Black "Haj Bakkor, Mohamed"]
[Result "1-0"]
[WhiteElo "2365"]
[BlackElo "2119"]
[PlyCount "103"]
[EventDate "2014.09.20"]
[EventType "swiss"]
[EventRounds "9"]
[EventCountry "TUR"]
[SourceTitle "CBM 162 Extra"]
[Source "ChessBase"]
[SourceDate "2014.10.17"]
[SourceVersion "1"]
[SourceVersionDate "2014.10.17"]
[SourceQuality "1"]

1. Nf3 Nf6 2. g3 d5 3. Bg2 c6 4. 0-0 Bg4 5. d3 Nbd7 6. Qe1 e5 7. e4 dxe4 8. dxe4 Be7 9. Nbd2 0-0 10. h3 Bh5 11. Nc4 Qc7 12. a4 Rfe8 13. b3 b5 14. axb5 cxb5 15. Ne3 Nc5 16. Qa5 Rac8 17. Qxa7 Ncxe4 18. Qxc7 Rxc7 19. g4 Bg6 20. Nxe5 Bc5 21. Nxg6 hxg6 22. Rd1 Nc3 23. Rd3 Ne2+ 24. Kf1 Nf4 25. Rc3 Nxg2 26. Kxg2 Ne4 27. Rd3 f5 28. gxf5 gxf5 29. Nd5 Rc6 30. Be3 Bxe3 31. Nxe3 f4 32. Ng4 Rxc2 33. Ra7 Nf6 34. Nxf6+ gxf6 35. Rd5 f3+ 36. Kg3 Rb8 37. h4 Rc3 38. h5 Kh8 39. h6 Rg8+ 40. Kf4 Rxb3 41. Rdd7 Rg5 42. Rh7+ Kg8 43. Rhb7 Kh8 44. Rh7+ Kg8 45. Rhf7 Rb4+ 46. Kxf3 Rf5+ 47. Kg2 Rg5+ 48. Kf1 Rb1+ 49. Ke2 Rb2+ 50. Kd3 Rb3+ 51. Kc2 Ra3 52. h7+ 1-0

[Event "Gebze op 5th"]
[Site "Kocaeli"]
[Date "2014.09.21"]
[Round "3"]
[White "Yilmaz, Mustafa"]
[Black "Haj Bakkor, Mohamed"]
[Result "1-0"]
[WhiteElo "2581"]
[BlackElo "2119"]
[PlyCount "109"]
[EventDate "2014.09.20"]
[EventType "swiss"]
[EventRounds "9"]
[EventCountry "TUR"]
[SourceTitle "CBM 162 Extra"]
[Source "ChessBase"]
[SourceDate "2014.10.17"]
[SourceVersion "1"]
[SourceVersionDate "2014.10.17"]
[SourceQuality "1"]

1. d4 Nf6 2. c4 e6 3. Nf3 c5 4. d5 exd5 5. cxd5 d6 6. Nc3 g6 7. Bf4 a6 8. a4 Bg7 9. h3 0-0 10. e3 Re8 11. Nd2 Qc7 12. Be2 Nbd7 13. 0-0 Rb8 14. Bg3 h6 15. Qc2 Nb6 16. Rfd1 Bd7 17. e4 Nc8 18. a5 Nh7 19. Nc4 Bb5 20. Nxb5 axb5 21. Na3 Qxa5 22. Nxb5 Qb6 23. Ra3 Nf6 24. Re3 Nd7 25. Rb3 Be5 26. Nc3 Qd8 27. f4 Bd4+ 28. Kh1 Bg7 29. Nb5 Qe7 30. e5 dxe5 31. d6 Qf8 32. fxe5 Bxe5 33. Bc4 Bxg3 34. Qxg6+ Kh8 35. Qxg3 Ncb6 36. Bf1 Re6 37. Rf3 Ne5 38. Rf5 Nbd7 39. Rd5 Rg6 40. Qf4 f6 41. Nc3 Qg7 42. Rd2 Rg5 43. Ne4 Rxf5 44. Qxf5 Rf8 45. Bb5 Qh7 46. Qf4 Qg7 47. Rf2 b6 48. Re2 f5 49. Nc3 Qg5 50. Nd5 Qg7 51. Bxd7 Nxd7 52. Re7 Rf7 53. Rxf7 Qxf7 54. Qxh6+ Kg8 55. Ne7+ 1-0

[Event "Istanbul op"]
[Site "Istanbul"]
[Date "2014.09.02"]
[Round "3"]
[White "Haj Bakkor, Mohamed"]
[Black "Benidze, Davit"]
[Result "0-1"]
[WhiteElo "2119"]
[BlackElo "2459"]
[PlyCount "66"]
[EventDate "2014.09.01"]
[EventType "swiss"]
[EventRounds "9"]
[EventCountry "TUR"]
[SourceTitle "CBM 162 Extra"]
[Source "ChessBase"]
[SourceDate "2014.10.17"]
[SourceVersion "1"]
[SourceVersionDate "2014.10.17"]
[SourceQuality "1"]

1. e4 c5 2. Nf3 d6 3. d4 cxd4 4. Nxd4 Nf6 5. Nc3 Nc6 6. Bg5 Qb6 7. Nb3 e6 8. Qd2 Be7 9. 0-0-0 0-0 10. f3 Rd8 11. Qe1 a6 12. Be3 Qc7 13. g4 b5 14. g5 Nd7 15. Qf2 Bb7 16. h4 Rac8 17. h5 Nce5 18. Rd2 b4 19. Na4 Qc6 20. Nb6 Nxb6 21. Bxb6 Bxg5 22. Be3 Bf6 23. Na5 Qa4 24. Nxb7 Qxa2 25. Kd1 Rd7 26. Nxd6 Qb1+ 27. Ke2 Rxc2 28. Ne8 Rcxd2+ 29. Bxd2 Rxd2+ 30. Kxd2 Qxb2+ 31. Ke1 Nxf3+ 32. Qxf3 Bc3+ 33. Qxc3 bxc3 0-1

[Event "Malatya Golden Apricot op 2nd"]
[Site "Malatya"]
[Date "2014.06.20"]
[Round "9"]
[White "Dogan, Nazmi Can"]
[Black "Haj Bakkor, Mohamed"]
[Result "1-0"]
[WhiteElo "2119"]
[BlackElo "2201"]
[PlyCount "79"]
[EventDate "2014.06.15"]
[EventType "swiss"]
[EventRounds "9"]
[EventCountry "TUR"]
[SourceTitle "CBM 160 Extra"]
[Source "ChessBase"]
[SourceDate "2014.07.01"]
[SourceVersion "1"]
[SourceVersionDate "2014.07.01"]
[SourceQuality "1"]

1. e4 d5 2. exd5 Qxd5 3. Nc3 Qd6 4. d4 Nf6 5. Nf3 Bg4 6. h3 Bh5 7. g4 Bg6 8. Ne5 c6 9. h4 Nbd7 10. Nxd7 Qxd7 11. h5 Qe6+ 12. Be2 Be4 13. Rh3 Bd5 14. Re3 Qd6 15. g5 Nd7 16. Nxd5 cxd5 17. Rf3 e6 18. Bf4 Qb4+ 19. Kf1 Bd6 20. Rb3 Qxb3 21. axb3 Bxf4 22. Bb5 Bxg5 23. Qg4 Bf6 24. Qf4 a6 25. h6 Rd8 26. Bxd7+ Rxd7 27. Qb8+ Bd8 28. hxg7 Rg8 29. Qe5 Ke7 30. Re1 Rd6 31. Ke2 f6 32. Qg3 Rc6 33. Rh1 Rxc2+ 34. Kd1 Rc8 35. Rxh7 Bc7 36. Qg6 Bb6 37. Rh4 Bc7 38. Rh6 Kd7 39. Qxf6 Rce8 40. Rh8 1-0

[Event "Istanbul op-A 12th"]
[Site "Istanbul"]
[Date "2013.10.18"]
[Round "9"]
[White "Can, Melih Kaan"]
[Black "Haj Bakkor, Mohamed"]
[Result "1-0"]
[WhiteElo "1959"]
[BlackElo "2197"]
[PlyCount "99"]
[EventDate "2013.10.12"]
[EventType "swiss"]
[EventRounds "9"]
[EventCountry "TUR"]
[SourceTitle "EXT 2014"]
[Source "ChessBase"]
[SourceDate "2013.11.20"]
[SourceVersion "1"]
[SourceVersionDate "2013.11.20"]
[SourceQuality "1"]

1. e4 c5 2. Nf3 d6 3. c3 Nf6 4. Be2 Nc6 5. d4 e6 6. d5 exd5 7. exd5 Ne7 8. c4 g6 9. 0-0 Bg7 10. Nc3 0-0 11. h3 Re8 12. Bf4 a6 13. a4 b6 14. Re1 Nf5 15. Bd3 Rxe1+ 16. Qxe1 Ra7 17. Qd2 Re7 18. Re1 Nd4 19. Nxd4 cxd4 20. Ne4 Nxe4 21. Rxe4 Rxe4 22. Bxe4 Qe7 23. Bd3 Be5 24. Qe2 Bd7 25. b4 f6 26. Bd2 f5 27. f4 Bf6 28. Qxe7 Bxe7 29. Bc2 h6 30. Kf2 g5 31. Ke2 Kg7 32. Kd3 Bf6 33. g3 Kg6 34. Be1 h5 35. Bd1 h4 36. fxg5 Kxg5 37. gxh4+ Kf4 38. Bf2 b5 39. cxb5 axb5 40. a5 Bc8 41. h5 Kg5 42. Bxd4 Be7 43. h4+ Kh6 44. Be3+ Kh7 45. Bg5 Bf8 46. Kc2 Bg7 47. Be2 Bd7 48. a6 Bd4 49. Kd3 Bb6 50. Be3 1-0

[Event "Istanbul op-A 12th"]
[Site "Istanbul"]
[Date "2013.10.16"]
[Round "6"]
[White "Yaran, Siar"]
[Black "Haj Bakkor, Mohamed"]
[Result "0-1"]
[WhiteElo "1995"]
[BlackElo "2197"]
[PlyCount "108"]
[EventDate "2013.10.12"]
[EventType "swiss"]
[EventRounds "9"]
[EventCountry "TUR"]
[SourceTitle "EXT 2014"]
[Source "ChessBase"]
[SourceDate "2013.11.20"]
[SourceVersion "1"]
[SourceVersionDate "2013.11.20"]
[SourceQuality "1"]

1. c4 e5 2. Nc3 Bb4 3. Nd5 Be7 4. g3 c6 5. Nxe7 Nxe7 6. b3 d5 7. Bb2 d4 8. Bg2 0-0 9. Nf3 Qd6 10. 0-0 Nd7 11. e4 a5 12. d3 a4 13. Nh4 Qb4 14. f4 f6 15. fxe5 fxe5 16. Qh5 Qd6 17. Rxf8+ Nxf8 18. Rf1 Be6 19. Nf3 Neg6 20. Ng5 axb3 21. axb3 Bd7 22. Bh3 Bxh3 23. Qxh3 Ra2 24. Bc1 Rc2 25. Qf5 h6 26. Nf7 Qd7 27. Qf3 Rxc1 28. Nxh6+ gxh6 29. Rxc1 Kg7 30. b4 Qe7 31. c5 Qe6 32. Rf1 Nd7 33. h4 Nf6 34. h5 Nf8 35. Kg2 N8d7 36. Ra1 Qb3 37. Ra8 Qxb4 38. Kh3 Qd2 39. Qf5 Qg5 40. Qxg5+ hxg5 41. Ra5 Nxh5 42. Kg4 Kg6 43. Kf3 Ng7 44. Ra8 Nxc5 45. Ke2 Kh5 46. Rg8 Nge6 47. Kf3 Nxd3 48. Rh8+ Kg6 49. Kg4 Ndc5 50. Rg8+ Kf7 51. Rb8 Ke7 52. Kf5 Kd6 53. Rh8 d3 54. Rh2 Nd4+ 0-1

[Event "Istanbul op-A 12th"]
[Site "Istanbul"]
[Date "2013.10.14"]
[Round "4"]
[White "Haj Bakkor, Mohamed"]
[Black "Yurtseven, Melih"]
[Result "1-0"]
[WhiteElo "2197"]
[BlackElo "2268"]
[PlyCount "123"]
[EventDate "2013.10.12"]
[EventType "swiss"]
[EventRounds "9"]
[EventCountry "TUR"]
[SourceTitle "EXT 2014"]
[Source "ChessBase"]
[SourceDate "2013.11.20"]
[SourceVersion "1"]
[SourceVersionDate "2013.11.20"]
[SourceQuality "1"]

1. Nf3 b5 2. e4 Bb7 3. Bxb5 Bxe4 4. d4 Nf6 5. 0-0 e6 6. c4 Be7 7. Nc3 Bb7 8. Re1 0-0 9. Bg5 Ne8 10. Bxe7 Qxe7 11. Ba4 Nf6 12. a3 a5 13. Bc2 Na6 14. Qd3 g6 15. Qe3 Ng4 16. Qf4 Bxf3 17. Qxf3 f5 18. h3 Nf6 19. Re5 c5 20. d5 Qd6 21. Rae1 Ne4 22. Qf4 Nxc3 23. bxc3 Nc7 24. Ba4 Rae8 25. g3 Rb8 26. Qh4 Rb2 27. dxe6 dxe6 28. Qf4 Rd2 29. Qe3 f4 30. gxf4 Rd3 31. Qxc5 Qd8 32. R5e3 Rd2 33. Re4 Rf5 34. Qb6 Rd6 35. Qe3 Rd3 36. Rd4 Rxd4 37. cxd4 Qf6 38. Bb3 Rxf4 39. Qe5 Qh4 40. Re2 Rf7 41. c5 Qxh3 42. Bxe6 Nxe6 43. Qxe6 Qh4 44. Qe8+ Rf8 45. Qe6+ Rf7 46. Qe4 Qg5+ 47. Kf1 Qc1+ 48. Re1 Qxa3 49. c6 Qb2 50. Re2 Qc1+ 51. Kg2 Qg5+ 52. Kf1 Qc1+ 53. Re1 Qb2 54. f3 Qb5+ 55. Kf2 Qb2+ 56. Re2 Qb6 57. Rc2 Qc7 58. d5 Re7 59. Qxe7 Qxe7 60. c7 Qh4+ 61. Ke2 Qe7+ 62. Kd1 1-0

[Event "Izmir op 5th"]
[Site "Izmir"]
[Date "2006.08.15"]
[Round "6"]
[White "Gvetadze, Sofio"]
[Black "Haj Bakkor, Mohamed"]
[Result "1-0"]
[WhiteElo "2116"]
[BlackElo "2196"]
[PlyCount "85"]
[EventDate "2006.09.10"]
[EventType "swiss"]
[EventRounds "10"]
[EventCountry "TUR"]
[SourceTitle "EXT 2007"]
[Source "ChessBase"]
[SourceDate "2006.11.23"]
[SourceVersion "1"]
[SourceVersionDate "2006.11.23"]
[SourceQuality "1"]

1. e4 c5 2. Nf3 d6 3. d4 cxd4 4. Qxd4 Nc6 5. Bb5 Bd7 6. Bxc6 Bxc6 7. Nc3 Nf6 8. Bg5 e6 9. 0-0-0 Be7 10. Qd3 0-0 11. Nd4 Rc8 12. f4 Qa5 13. Rhe1 Rfd8 14. f5 e5 15. Nb3 Qc7 16. Bxf6 Bxf6 17. Kb1 b5 18. Nd2 Bg5 19. Nf3 Bh6 20. h4 b4 21. Nd5 Bxd5 22. exd5 Qc4 23. Re4 Qxd3 24. Rxd3 a5 25. a3 bxa3 26. Rxa3 Rc5 27. c4 Rb8 28. Kc2 Rb4 29. b3 Rxd5 30. g4 g6 31. f6 Rc5 32. g5 Bf8 33. Nd2 d5 34. Rxe5 dxc4 35. Rxc5 Bxc5 36. bxc4 a4 37. Kc3 Rb3+ 38. Rxb3 axb3 39. Kxb3 Kf8 40. Ne4 Bd4 41. c5 Ke8 42. Kc4 Be5 43. Kd5 1-0

[Event "Izmir op 5th"]
[Site "Izmir"]
[Date "2006.08.14"]
[Round "5"]
[White "Haj Bakkor, Mohamed"]
[Black "Mamedjarova, Zeinab"]
[Result "1/2-1/2"]
[WhiteElo "2196"]
[BlackElo "2318"]
[PlyCount "170"]
[EventDate "2006.09.10"]
[EventType "swiss"]
[EventRounds "10"]
[EventCountry "TUR"]
[SourceTitle "EXT 2007"]
[Source "ChessBase"]
[SourceDate "2006.11.23"]
[SourceVersion "1"]
[SourceVersionDate "2006.11.23"]
[SourceQuality "1"]

1. e4 e5 2. Nf3 Nc6 3. Bb5 a6 4. Ba4 Nf6 5. 0-0 b5 6. Bb3 Nxe4 7. d4 d5 8. dxe5 Be6 9. Be3 Be7 10. Nbd2 Nc5 11. Qe2 0-0 12. c3 Nxb3 13. axb3 Bg4 14. h3 Bh5 15. g4 Bg6 16. b4 h5 17. Bd4 hxg4 18. hxg4 Qd7 19. Nh2 Nxd4 20. cxd4 Bxb4 21. f4 f5 22. g5 Kf7 23. Rfc1 Rfe8 24. Nb3 c6 25. Nf1 a5 26. Ng3 Qc8 27. Nc5 Ra7 28. Rc2 a4 29. Nd3 Bf8 30. Rac1 Rc7 31. Qd2 Qa8 32. Nb4 Bxb4 33. Qxb4 Re6 34. Qc5 Qa5 35. Rh2 Qa8 36. Rhc2 Kg8 37. Qb6 Qc8 38. Rc5 Qd7 39. Rxb5 Be8 40. Rbc5 Rb7 41. Qa5 Rxb2 42. Qxa4 Qb7 43. Qa5 g6 44. R5c3 Qh7 45. R1c2 Qb7 46. Rxb2 Qxb2 47. Qa3 Qd2 48. Re3 Qxd4 49. Ne2 Qb6 50. Kg2 c5 51. Rb3 Qa6 52. Qxa6 Rxa6 53. Rb8 Kf7 54. Rc8 Bc6 55. Rc7+ Ke6 56. Rg7 Ra2 57. Rxg6+ Kd7 58. Rg7+ Kd8 59. Rg6 Ba8 60. Rd6+ Ke7 61. Kf2 d4 62. g6 Be4 63. Ke1 Bf3 64. Ng3 Bg4 65. g7 Ra8 66. Rc6 Kf7 67. Rc7+ Kg8 68. Rxc5 Ra3 69. Nf1 Rf3 70. Rc7 Rxf4 71. Nd2 Bh5 72. Rd7 Rh4 73. Nb3 Re4+ 74. Kd2 Re2+ 75. Kc1 Rxe5 76. Nxd4 f4 77. Kd2 Bg4 78. Ra7 Rd5 79. Kc3 f3 80. Ra2 Re5 81. Kd3 Re1 82. Rf2 Rd1+ 83. Ke3 Kxg7 84. Nxf3 Bf5 85. Kf4 Bg6 1/2-1/2

[Event "Izmir op 5th"]
[Site "Izmir"]
[Date "2006.08.12"]
[Round "3"]
[White "Haj Bakkor, Mohamed"]
[Black "Ozkalay, Ahmet Furkan"]
[Result "1-0"]
[WhiteElo "2196"]
[BlackElo "1681"]
[PlyCount "51"]
[EventDate "2006.09.10"]
[EventType "swiss"]
[EventRounds "10"]
[EventCountry "TUR"]
[SourceTitle "EXT 2007"]
[Source "ChessBase"]
[SourceDate "2006.11.23"]
[SourceVersion "1"]
[SourceVersionDate "2006.11.23"]
[SourceQuality "1"]

1. e4 c5 2. Nf3 d6 3. d4 cxd4 4. Nxd4 Nf6 5. Nc3 g6 6. Be3 Bg7 7. f3 0-0 8. Qd2 Nc6 9. g4 Ne5 10. 0-0-0 Nfd7 11. h4 Nb6 12. b3 a5 13. a4 Qc7 14. Ncb5 Qd8 15. h5 Nxf3 16. Nxf3 Bxg4 17. Be2 Bxh5 18. Rdg1 Bxf3 19. Bxf3 Nd7 20. Qh2 Nf6 21. Bg5 Re8 22. Bxf6 Bxf6 23. Qxh7+ Kf8 24. Rxg6 fxg6 25. Qxg6 Qd7 26. Bg4 1-0

[Event "Izmir op 5th"]
[Site "Izmir"]
[Date "2006.08.11"]
[Round "2"]
[White "Karpatchev, Aleksandr"]
[Black "Haj Bakkor, Mohamed"]
[Result "1-0"]
[WhiteElo "2533"]
[BlackElo "2196"]
[PlyCount "83"]
[EventDate "2006.09.10"]
[EventType "swiss"]
[EventRounds "10"]
[EventCountry "TUR"]
[SourceTitle "EXT 2007"]
[Source "ChessBase"]
[SourceDate "2006.11.23"]
[SourceVersion "1"]
[SourceVersionDate "2006.11.23"]
[SourceQuality "1"]

1. e4 e5 2. Nf3 Nc6 3. Bc4 Nf6 4. d4 exd4 5. e5 d5 6. Bb5 Ne4 7. Nxd4 Bd7 8. Bxc6 bxc6 9. 0-0 Bc5 10. f3 Ng5 11. Be3 0-0 12. f4 Ne4 13. Nd2 Nxd2 14. Qxd2 f6 15. Nb3 Bb6 16. Bc5 Qe7 17. Qc3 fxe5 18. fxe5 Rxf1+ 19. Rxf1 Rf8 20. Rxf8+ Qxf8 21. Qe3 Qe8 22. a4 a5 23. Bxb6 cxb6 24. Qxb6 Qxe5 25. Qxa5 Qe3+ 26. Kh1 Qe2 27. h3 Bf5 28. Qd2 Qxd2 29. Nxd2 Bxc2 30. a5 c5 31. a6 Ba4 32. Nb3 Bc6 33. Nxc5 Kf7 34. Kg1 Ke7 35. Kf2 Kd6 36. b4 d4 37. g3 Kd5 38. Nb3 Bb5 39. a7 Bc6 40. Ke2 Bb5+ 41. Kd2 Bc6 42. b5 1-0